000 00597nam a2200205Ia 4500
999 _c19804
_d19804
003 OSt
005 20210923151614.0
008 160316s2001 xxu||||| |||| 00| 0 eng d
040 _c.
082 _a340.1 DIC
_bDIC
100 _aDickson Julie
245 _aEvluation and legal theory
260 _aOxford
_bHart Publihsing
_c2001
300 _a148p
_cxi
365 _bRs.883.60
650 _a1. Legal Theory - Evaluations2. Legal Philisophy - Evaluations
700 _a
_a
856 _uhttps://www.bloomsburyprofessional.com/uk/evaluation-and-legal-theory-9781841130811/
942 _2ddc
_cBK